|
|
|
|
| LEADER |
00000nab a2200000 a 4500 |
| 001 |
vtls000483161 |
| 003 |
SK-MaSNL |
| 005 |
20260318122624.0 |
| 008 |
220422c1990 xo 0 eng |
| 015 |
|
|
|a SNBRA19rr/mm-uuuuu
|
| 035 |
|
|
|a CL0483296
|
| 040 |
|
|
|a SNKBUCL
|b slo
|c SNKBUCL
|e AACR2
|
| 041 |
0 |
|
|a eng
|
| 044 |
|
|
|a xo
|c SK
|
| 080 |
|
|
|a 575.1/.2:573.6:579.8
|2 1981
|
| 080 |
|
|
|a 573.6
|2 1981
|
| 080 |
|
|
|a 579.8
|2 1981
|
| 080 |
|
|
|a 577.21
|2 1981
|
| 100 |
1 |
|
|a Štefáková, E.
|4 aut
|9 939582
|
| 245 |
1 |
0 |
|a Effectiveness of Transforming Cell Escherichia coli K-12 with Plasmid DNA pDR 1996 Containing Genes uvrA and ssb and Stability of Transformants
|c E. Štefáková
|
| 300 |
|
|
|b Obr. 7, res. angl., rus., slov., lit. 7 zázn. v angl.
|
| 650 |
0 |
7 |
|a Escherichia coli
|2 SNK
|9 16089
|
| 650 |
0 |
7 |
|a DNA (nukleová kyselina)
|2 SNKPH
|9 21363
|
| 655 |
|
7 |
|a články zo zborníkov
|2 SNKPH
|9 166140
|
| 773 |
0 |
|
|t Acta Facultatis rerum naturalium Universitatis Comenianae
|d Bratislava : Slovenské pedagogické nakladateľstvo, 1990
|g S. 3-12
|z 8008007443
|
| 850 |
|
|
|a Slovenská národná knižnica v Martine
|a MTA001
|
| 852 |
|
|
|a SNK
|b KIS3GCP
|
| 958 |
|
|
|a NB
|
| 958 |
|
|
|a RK
|
| 958 |
|
|
|a ME
|
| 992 |
|
|
|a RZB
|
| 999 |
|
|
|c 3131539
|d 3133469
|